000 00315nam a2200097Ia 4500
008 160523s9999 xx 000 0 und d
245 4 _aThe Economic Geography of Globalization
245 _cEdited by Piotr Pachura
260 _c2011
856 _uhttp://www.intechopen.com/books/the-economic-geography-of-globalization
999 _c294910
_d294910